000 002800000a22000970004500
100 1 _aWinter, Ralph D.
245 1 0 _aNew frontiers : Edinburgh 80 to Wheaton '83
300 _aVol. 1, Núm 1 (1984), Páginas 57-73
773 0 _tInternational Journal of Frontier Misions
942 _cANA
999 _c55185
_d55185